Statistiques concernant Trouver les intrus en 60 secondes #6

Cliquez ici pour prendre le quiz!

Statistiques générales

  • Ce quiz a été pris 304 fois
  • Le résultat moyen est 3 sur 6

Statistiques - réponses

Réponse% Correct
Français né en France
100%
Patrick Bruel
58%
Roger Hanin
57%
Marguerite Duras
43%
Alain Souchon
41%
Valéry Giscard d'Estaing
32%

Distribution des résultats

Percentile par nombre de réponses

% des personnes avec chaque résultat

Votre développement - résultats

Vous n’avez pas pris ce quiz